000 00561nam a2200169 i 4500
001 59011
003 ES-MaACL
005 20230906163936.0
007 t|
008 031027s1944 cu ||||1| spa d
100 1 _aEchanove Trujillo, Carlos A.
_946493
245 1 0 _aDiccionario abreviado de sociología /
_cCarlos A. Echanove Trujillo.
260 _aHabana :
_bUniversidad de La Habana,
_c1944 (
_fCultural)
300 _aXVI, 278 p., 1 lám. ;
_c25 cm.
500 _aEs una publicación de la Universidad de La Habana.
852 _aES-MaACL
_jD-6825
_bR.26647
999 _c59011
_d59011